| 000 | 00698nam a22002057a 4500 | ||
|---|---|---|---|
| 003 | OSt | ||
| 005 | 20230620114649.0 | ||
| 008 | 230620b |||||||| |||| 00| 0 eng d | ||
| 020 | _a9780415777438 | ||
| 022 | _a9780415777438 | ||
| 040 |
_cNURIC _dNURIC |
||
| 050 |
_aJZ5588 _bN38. 2010 |
||
| 100 |
_aSperling James _d2010 _eEditor |
||
| 245 |
_aNational Security Cultures: _bpatterns of global governance/ _cEdited By; Sperling James, Kirchner Emil J. |
||
| 260 |
_aMadison Avenue, New York; _bRoutledge: _c2010. |
||
| 300 |
_axii, 308p,: _bill; _c23cm |
||
| 650 | _2National Security | ||
| 700 |
_aSperling James, Kirchner Emil J. _d2010. _eEdited by; Sperling james, Kirchner Emil J |
||
| 942 |
_2lcc _cBK _n0 |
||
| 999 |
_c73 _d73 |
||